| 000 | 01874nam a2200421Ii 4500 | ||
|---|---|---|---|
| 001 | DIGUCANT0007 | ||
| 003 | NyNyDIG | ||
| 008 | 140701r20122007sp a o 001 0 spa d | ||
| 006 | m o d | ||
| 007 | cr ||||||||||| | ||
| 020 |
_a9788481026610 _q(eBook) |
||
| 020 | _z8481024376 | ||
| 020 | _z9788481024371 | ||
| 040 |
_aDGITA _beng _erda _epn _cDGITA |
||
| 050 | 1 | 4 | _aNA4160 eBook |
| 100 | 1 |
_aGómez Jáuregui, Valentín, _d1976- _eauthor. |
|
| 245 | 1 | 0 |
_aTensegridad : _bestructuras tensegríticas en ciencia y arte / _cValentín Gómez Jáuregui. |
| 250 | _aSegunda edición, digital | ||
| 264 | 1 |
_aSantander : _bEditorial de la Universidad de Cantabria, _c2012. |
|
| 300 |
_a1 online resource (197 pages) : _billustrations |
||
| 336 |
_atext _btxt _2rdacontent |
||
| 337 |
_acomputer _bc _2rdamedia |
||
| 338 |
_aonline resource _bcr _2rdacarrier |
||
| 500 | _aPrimera edición, impresa, 2007. | ||
| 500 | _aRevised. Master thesis, School of Architecture Queen's University Belfast, 2004, titled "Tensegrity structures and their applicability to architecture". | ||
| 504 | _aIncludes bibliographical references (pages 189-197) and inidexes. | ||
| 588 | 0 | _aOnline resource; title from ePub and PDF title page (Digitalia, viewed July 5, 2014) | |
| 650 | 0 | _aTensile architecture. | |
| 650 | 0 | _aGeodesic domes. | |
| 650 | 0 | _aStructural analysis (Engineering) | |
| 655 | 0 | _aElectronic books. | |
| 791 | 2 |
_aDigitalia (Firm), _edistributor. |
|
| 793 | 0 |
_gDigitalia eBook Collection: _aUniversidad de Cantabria. |
|
| 776 | 0 | 8 |
_iPrint version: _aGómez Jáuregui, Valentín. _tTensegridad : _bestructuras tensegríticas en ciencia y arte. _dSantander : Universidad de Cantabria, 2007 _z9788481024371 _w(OCoLC)191081305 |
| 856 | 4 | 0 |
_3Digitalia Hispánica _uhttps://www.digitaliapublishing.com/a/21008/ |
| 910 | _aPremium Collection: 2013 | ||
| 942 | _cRAA | ||
| 999 |
_c237249 _d237249 |
||